000 00919nam a22002417a 4500
999 _c16277
_d16277
003 AR-CdUCM
008 190502b ||||| |||| 00| 0 spa d
040 _aMUNICIPALIDAD PROVINCIAL DEL CUSCO
_cBIBLIOTECA MUNICIPAL DEL CUSCO
082 _a810 /
_bW21
100 _aWallace
_935627
245 _aAntología de la novela corta Norteamericana /
260 _aMéxico :
_bLimusa,
_c1964.
300 _a232 paginas ;
_c20 cm.
500 _aTitulo original : Grat american short stories
505 _aContenido : t.2 : Lamparas apagadas -- El hombre que miro a través del cielo -- Nieve silente, nieve secreta -- El -- Su mujercita...
650 _aNorte america
_92819
650 _aNovela Americana
_94188
650 _aLiteratura Norte americana
_935628
700 _aM. Mateo, Andrés (Traducción)
_935629
700 _aStegner, Mary (Recopilación)
_935630
942 _2ddc
_cLIBROS
945 _awnts
_d2019-05-2